Yankı (Record no. 11424)
[ view plain ]
| 000 -BAŞLIK | |
|---|---|
| Sabit Uzunlukta Kontrol Alanı | 01437na a2200349 4500 |
| 001 - KONTROL NUMARASI | |
| Denetim Alanı | 22252 |
| 003 - KONTROL NUMARASI IDENTIFIER | |
| Denetim Alanı | MIRAKIL |
| 005 - SON İŞLEM TARİHİ VE ZAMANI | |
| Denetim Alanı | 20181226092844.0 |
| 008 - SABİT-BOY VERİ ELEMANLARI - GENEL BİLGİLER | |
| Sabit Uzunlukta Kontrol Alanı | 170212b tu n0 0 0 |
| 022 ## - ULUSLARARASI STANDART SERİ NUMARASI | |
| Uluslararası Standart Süreli Yayın Numarası | 1304-4435 |
| 035 ## - SİSTEM KONTROL NUMARASI | |
| Sistem Kontrol Numarası | 20919 |
| 040 ## - KATALOGLAMA KAYNAK | |
| Orijinal Kataloglama Ajansı | Milas |
| Kataloglama Dili | tur |
| Metne Dönüştürmek Ajansı | TR-AnCHP |
| 041 ## - DİL KODU | |
| Metin / Ses Parça Veya Ayrı Başlığın Dil Kodu | tur |
| 090 ## - SINIFLAMA NUMARASI | |
| Sınıflama Numarası | 050 DER 144 |
| 222 ## - ANAHTAR ADI | |
| Anahtar Başlık | Yankı |
| 245 ## - BAŞLIK TABLOSU | |
| Başlık | Yankı |
| Başlığın Kalan | siyasi aktüel dergi |
| 246 ## - UNVAN FORM VARYING | |
| Başlık Doğru / Kısa Başlığı | Yankı dergisi |
| 260 ## - YAYIN, DAĞITIM, VB | |
| Yayın, Dağıtım, Vb Yeri | Ankara |
| Yayıncı, Dağıtıcı, Vs Adı | Yeni Yankı Basın Yayın |
| Yayın, Dağıtım, Vb Tarihi | 1971-2009 |
| 300 ## - FİZİKSEL TANIM | |
| Kapsam | c. |
| Diğer Fiziksel Ayrıntıları | rnk. res. |
| Boyutlar | 30 sm. |
| 362 ## - YAYIN VE / VEYA SIRALI GÖREVLENDİRİLMESİNE TARİHLERİ | |
| Yayın Ve / Veya Ardışık Kullanım Amacı Tarihleri | sayı 694 (16-22 Temmuz 1984)- |
| 362 ## - YAYIN VE / VEYA SIRALI GÖREVLENDİRİLMESİNE TARİHLERİ | |
| Yayın Ve / Veya Ardışık Kullanım Amacı Tarihleri | Başlangıç : Mart 1971 (Haftalık haber dergisi) |
| 500 ## - GENEL NOT | |
| Genel Not | Mevcut sayılar: (22) Aralık 1956; (114) Mayıs 1973; (116) Haziran 1973; (162-167) Nisan-Mayıs 1974; (235-236) Eylül 1975; (320) 2-8 Mayıs 1977; (364-381) Mart 1978; (390-439) Eylül-Ağustos 1979; (473-502) Nisan-Kasım 1980; (526-545) Nisan-Eylül 1981; (694) Temmuz 1984; (1051) 1 Şubat 2007; (1052) 28 Şubat 2007 |
| 500 ## - GENEL NOT | |
| Genel Not | Niteleme sayı sayı 694 (16-22 Temmuz 1984)'e dayalıdır. |
| 500 ## - GENEL NOT | |
| Genel Not | Sayı 800'de Haftaya bakış dergisi ile birleşti, Yankı/haftaya bakış oldu |
| 520 ## - ÖZET, VB | |
| Özet, Vb | siyasi haber dergisi |
| 650 ## - KONU KATMA GİRİŞ - TOPİKAL DÖNEM | |
| Topikal Süreli Veya Coğrafi Ad Giriş Elemanı | Siyaset |
| Form Alt Bölümü | Süreli yayınlar |
| Genel Alt Bölümü | Aktüalite |
| Coğrafi Alt Bölümü | Türkiye |
| 651 ## - KONU KATMA GİRİŞ - COĞRAFİ ADI | |
| Coğrafi İsim | Türkiye |
| Form Alt Bölümü | Süreli yayınlar |
| Genel Alt Bölümü | Siyaset ve yönetim |
| 780 ## - ÖNCEKİ GİRİŞ | |
| Ana Giriş Başlığı | Yankı : haftalık haber dergisi |
| 910 ## - KULLANICI SEÇENEK, VERİLERİN (OCLC) | |
| Kullanıcı Seçenek Veri | DERGİ 144 |
| 942 ## - EKLENDİ GİRİŞ ELEMANLARI (KOHA) | |
| Sınıflandırma Veya Raf Düzeni Kaynak | Dewey Decimal Classification |
| Koha Öğesi Türü | Serials |
| 999 ## - SİSTEM KONTROL NUMARALARI (KOHA) | |
| Koha Biblionumber | 11424 |
| Koha Biblioitemnumber | 11424 |
| 655 ## - INDEX DÖNEM - TÜR / FORMU | |
| -- | Yerel süreli yayın |
| Kullanım Kısıtlamaları | Kalıcı Konum | Mevcut Konum | Edinme Tarihi | Kodlu Konum Eleme | Toplam Check-Out'Lar | Tam Çağrı Numarası | Barkod | Tarih Son Görülme | İtibaren Geçerli Fiyatlar | Sigara Kamu Notu | Koha Öğesi Türü |
|---|---|---|---|---|---|---|---|---|---|---|---|
| Kütüphane dışına çıkarılamaz | CHP Kütüphanesi | CHP Kütüphanesi | 02/12/2017 | SÜRELİ YAYINLAR | 050 DER 54 | D144 | 02/12/2017 | 02/12/2017 | Serials |
